000 00290nam a22001337a 4500
008 170731b xxu||||| |||| 00| 0 eng d
020 _a9780810874268
041 _aeng
080 _a004
100 _a32
101 _aSHKI
245 _aINFORMATION PATHWAYS
_cFULTON, C
942 _2udc
_cBK
999 _c22217
_d22217